000 00258nam a2200109Ia 4500
008 220204s9999 xx 000 0 und d
082 _a632.95:543
_bDAS
100 _aDas, K G
245 0 _aPesticide analysis
260 _aNew York
_bDekker
_c1981
942 _cBK
999 _c36374
_d36374